The handbook of communication law
Saved in:
| Main Author: | |
|---|---|
| Format: | Book |
| Published: |
2008
|
| Tags: |
Add Tag
No Tags, Be the first to tag this record!
|
| Call Number : |
MARC
| LEADER | 00000pam a2200000 4500 | ||
|---|---|---|---|
| 001 | 27496 | ||
| 003 | MY-KLNDU | ||
| 005 | 20241218082318.0 | ||
| 020 | 0 | 0 | |a 9780805812411 |
| 020 | 0 | 0 | |a 0805812415 |
| 035 | |a 0000035716 | ||
| 039 | 9 | |a 201209030840 |b azraai |c 200911181215 |d VLOAD |y 200910091807 |z VLOAD | |
| 100 | 0 | 0 | |a Hopkins |
| 245 | 0 | 4 | |a The handbook of communication law |
| 260 | 0 | 0 | |a 2008 |
| 591 | |a 0000006381 |b 10/12/08 |c 0198-07 |d 1 |e RM203.28 |f 1 |g 203.28 |h INTRABAKTI SD.BHD. | ||
| 999 | |a vtls000037867 |c 27496 |d 27496 | ||


